000
00412nam a22001337a 4500
003
SGT
020
_a
9788123786926
082
_a
891.4309
_b
R18B
100
_a
भगत, अरुण कुमार
245
_a
राष्ट्रीय चेतना की कहानियाँ
260
_b
राष्ट्रीय पुस्तक न्यास
_c
2018
300
_a
157
942
_2
ddc
_c
BK
999
_c
31430
_d
31430